Việt Nam và thế giới

Các tham luận, bài diễn văn, bản tuyên bố của các đại biểu tại Hội nghị quốc tế "Việt Nam và thế giới" họp tại Hà Nội tháng 5-1980 nhân dịp kỷ niệm lần thứ 90 ngày sinh của Chủ tịch Hồ Chí Minh

Uloženo v:
Podrobná bibliografie
Další autoři: Grexcô, G.M. (Tác giả), Chanđra, Romet (Tác giả), Mátly (Tác giả), Xixana Xixan (Tác giả)
Médium: Kniha
Jazyk:Vietnamese
Vydáno: H. Sự thật 1981
Témata:
Tagy: Přidat tag
Žádné tagy, Buďte první, kdo otaguje tento záznam!
Thư viện lưu trữ: Mạng thư viện Đại học Đà Nẵng
LEADER 01548nam a22004098a 4500
001 000007320
003 3481
005 20120522090503.0
008 110928s1981 b 000 0 vieod
020 |c 17000đ  |d 5200b 
041 0 |a vie 
082 |a 327  |b Viê 
084 |a R  |b V308N 
245 1 0 |a Việt Nam và thế giới  |c Phạm Văn Đồng, Romet Chanđra, G.M. Grexcô... 
260 |a H.  |b Sự thật  |c 1981 
300 |a 215 tr.  |c 19cm. 
520 |a Các tham luận, bài diễn văn, bản tuyên bố của các đại biểu tại Hội nghị quốc tế "Việt Nam và thế giới" họp tại Hà Nội tháng 5-1980 nhân dịp kỷ niệm lần thứ 90 ngày sinh của Chủ tịch Hồ Chí Minh 
653 |a Hồ Chí Minh 
653 |a Diễn văn 
653 |a Việt Nam 
653 |a Hội nghị quốc tế 
653 |a Tham luận hội nghị 
700 1 |a Grexcô, G.M.  |e Tác giả 
700 1 |a Chanđra, Romet  |e Tác giả 
700 1 |a Mátly  |e Tác giả 
700 1 |a Xixana Xixan  |e Tác giả 
910 |a Huỳnh Thị Cẩm Lai  |d 28/09/2011 
OWN |a LSP 
AVA |a UDN50  |b LSP  |d 327 Viê  |e available  |t Error 5001 Not defined in file expand_doc_bib_avail.  |f 2  |g 1  |h N  |i 0  |k 1 
999 |a From the UDN01 
AVA |a UDN50  |b LSP  |d 327 Viê  |e available  |t Error 5001 Not defined in file expand_doc_bib_avail.  |f 2  |g 1  |h N  |i 0  |k 1 
TYP |a Monograph 
TYP |a Printed language 
980 |a Mạng thư viện Đại học Đà Nẵng